Rossija v mnogopoljarnoj konfiguracii sbornik dokladov meždunarodnoj konferencii : Moskva, 28-29.10.2010
Saved in:
| Corporate Author: | |
|---|---|
| Format: | Book |
| Language: | Russian English |
| Published: |
Moskva
Institut ekonomiky Rossijskoj akademiji nauk
2011
|
| Subjects: | |
| Tags: |
No Tags, Be the first to tag this record!
|
MARC
| LEADER | 00000nlm$a2200000$$$4500 | ||
|---|---|---|---|
| 001 | 0132378 | ||
| 005 | 20240104122036.2 | ||
| 020 | |a 978-5-9940-0248-1 | ||
| 041 | 0 | |a rus | |
| 041 | 0 | |a eng | |
| 044 | |a RU | ||
| 245 | 1 | 0 | |a Rossija v mnogopoljarnoj konfiguracii |b sbornik dokladov meždunarodnoj konferencii : Moskva, 28-29.10.2010 |
| 264 | 1 | |a Moskva |b Institut ekonomiky Rossijskoj akademiji nauk |c 2011 | |
| 300 | |a CD-ROM [752 s.] | ||
| 610 | 2 | 0 | |a vzťahy hospodárske medzinárodné |
| 610 | 2 | 0 | |a vzťahy zahraničné |
| 610 | 2 | 0 | |a globalizácia hospodárstva |
| 610 | 2 | 0 | |a politika zahraničná |
| 610 | 2 | 0 | |a politika zahraničnohospodárska |
| 610 | 2 | 0 | |a kríza hospodárska |
| 610 | 2 | 0 | |a stratégia hospodárska |
| 610 | 2 | 0 | |a integrácia ekonomická medzinárodná |
| 610 | 2 | 0 | |a rozvoj sociálno-ekonomický |
| 610 | 2 | 0 | |a Rusko |
| 610 | 2 | 0 | |a Európska únia |
| 110 | 2 | |a Rossija v mnogopoljarnoj konfiguracii. Meždunarodnaja konferencija | |